| 000 | 00815nam a2200241 a 4500 | ||
|---|---|---|---|
| 001 | 000003101 | ||
| 005 | 20200929150329.0 | ||
| 008 | 950104m19949999ve f000 f spa d | ||
| 020 | _a9800301631 | ||
| 035 | _a(DLC) 95100325 | ||
| 040 |
_aDO-SdBNP _bspa _cBNPHU |
||
| 082 |
_aV863.4 _bC937ó |
||
| 100 | 1 |
_aCroce, Arturo, _d1907- _99776 |
|
| 245 | 1 | 0 |
_aObras completas / _cArturo Croce. |
| 260 |
_aCaracas : _bPresidencia de la República, _c1994-. |
||
| 300 |
_av. ; _c23 cm. |
||
| 505 | 0 |
_gt.1 _tCuento de amor (novela). Talud derrumbado (novela). -- _gt.2 _rTurén Pasa el Acarigua. _tLos diablos danzantes (novela). -- |
|
| 650 | 4 |
_aNovela venezolana _93962 |
|
| 650 | 4 |
_aCuentos venezolanos _93815 |
|
| 650 | 4 |
_aLiteratura venezolana _ySIGLO XX _99777 |
|
| 910 | _aCatalogación por copia / LC | ||
| 049 | _aBNGR | ||
| 999 |
_c2932 _d2932 |
||